[Event "World Blitz 2015"]
[Site "Berlin GER"]
[Date "2015.10.13"]
[Round "3.73"]
[White "Pavlovic, Milos"]
[Black "Hjartarson, J"]
[Result "0-1"]
[WhiteElo "2481"]
[BlackElo "2529"]
[EventDate "2015.10.13"]
[WhiteTitle "GM"]
[BlackTitle "GM"]
[WhiteFideId "900389"]
[BlackFideId "2300044"]

1.e4 e5 2.Nf3 Nc6 3.Bc4 Bc5 4.d3 Nf6 5.O-O d6 6.c3 Bb6 7.Bb3 O-O 8.h3 Ne7 
9.Re1 Ng6 10.Nbd2 c6 11.Nf1 h6 12.Ng3 Re8 13.d4 Nh7 14.Be3 Qe7 15.Nf5 Qf6 
16.Ng3 Nh4 17.Nxh4 Qxh4 18.a4 Ng5 19.a5 Bc7 20.d5 c5 21.Bc2 g6 22.Qd2 Rf8 
23.Ra4 Bd7 24.Raa1 f5 25.exf5 gxf5 26.Bxg5 hxg5 27.Nf1 Rf7 28.Nh2 e4 29.f3
Re8 30.fxe4 fxe4 31.Ba4 Bxa4 32.Rxa4 e3 33.Rxe3 0-1

[Event "World Blitz 2015"]
[Site "Berlin GER"]
[Date "2015.10.13"]
[Round "3.89"]
[White "Schmaltz, R"]
[Black "Bruedigam, M"]
[Result "1/2-1/2"]
[WhiteElo "2504"]
[BlackElo "2375"]
[EventDate "2015.10.13"]
[WhiteTitle "GM"]
[BlackTitle "FM"]
[WhiteFideId "4614054"]
[BlackFideId "24608033"]

1.e4 e5 2.Nf3 Nc6 3.Bc4 Bc5 4.d3 Nf6 5.Bb3 d6 6.c3 a6 7.h3 Ba7 8.Nbd2 Be6 
9.Nf1 Bxb3 10.Qxb3 O-O 11.Bg5 h6 12.Bxf6 Qxf6 13.Qxb7 Ne7 14.Qb3 Ng6 15.
Qc2 Nf4 16.g3 Nxh3 17.Rxh3 Qxf3 18.Qe2 Qxe2+ 19.Kxe2 f5 20.f3 Rab8 21.b3 
a5 22.Nd2 a4 23.b4 c6 24.Rh5 fxe4 25.dxe4 Kf7 26.Nc4 Ke6 27.Rd1 Rbd8 28.a3
Bb8 29.Nb2 d5 30.exd5+ Rxd5 31.Rxd5 cxd5 32.Nxa4 Ba7 33.Rh1 e4 34.Rf1 Ke5 
35.fxe4 Rxf1 36.Kxf1 Kxe4 37.Ke2 d4 38.cxd4 Kxd4 39.b5 Kc4 40.b6 Bb8 41.g4
Kb5 42.Nc3+ Kxb6 43.Nd5+ Kc5 44.Ne7 Kc4 45.Kf3 Be5 46.a4 Bc3 47.Ke4 Bb4 
48.Nd5 Bc5 49.Nf4 Bd6 50.Ne6 g6 51.a5 Kb5 52.Kd5 Be7 53.Nf4 h5 54.gxh5 
gxh5 1/2-1/2

[Event "World Blitz 2015"]
[Site "Berlin GER"]
[Date "2015.10.13"]
[Round "4.54"]
[White "Munoz Pantoja, M"]
[Black "Van Foreest, Jorden"]
[Result "0-1"]
[WhiteElo "2441"]
[BlackElo "2548"]
[EventDate "2015.10.13"]
[WhiteTitle "GM"]
[BlackTitle "IM"]
[WhiteFideId "3800229"]
[BlackFideId "1039784"]

1.e4 e5 2.Nf3 Nc6 3.Bc4 Bc5 4.b4 Bxb4 5.c3 Be7 6.d4 Na5 7.Nxe5 Nxc4 8.Nxc4
d5 9.exd5 Qxd5 10.Ne3 Qa5 11.O-O Nf6 12.c4 O-O 13.Bb2 c6 14.Nd2 Be6 15.Nf3
Rad8 16.Ne5 Nd7 17.f4 Nxe5 18.fxe5 Ba3 19.Bxa3 Qxa3 20.Qd2 Rd7 21.Rf4 Rfd8
22.Raf1 Qc5 23.Rd1 Qxe5 24.g3 b5 25.Qc3 Qg5 26.d5 bxc4 27.dxe6 Rxd1+ 28.
Nxd1 Rxd1+ 29.Kf2 Qc5+ 30.Ke2 Rd3 31.exf7+ Kf8 32.Qc1 Qe7+ 33.Kf2 c3 34.
Kg2 Rd2+ 35.Kh3 Qe6+ 36.g4 Qe3+ 37.Kh4 Rxh2+ 38.Kg5 Qxc1 0-1

[Event "World Blitz 2015"]
[Site "Berlin GER"]
[Date "2015.10.13"]
[Round "6.18"]
[White "Kravtsiv, M"]
[Black "Melkumyan, H"]
[Result "1-0"]
[WhiteElo "2621"]
[BlackElo "2622"]
[EventDate "2015.10.13"]
[WhiteTitle "GM"]
[BlackTitle "GM"]
[WhiteFideId "14113147"]
[BlackFideId "13302485"]

1.e4 e5 2.Nf3 Nc6 3.Bc4 Nf6 4.Ng5 d5 5.exd5 Na5 6.Bb5+ c6 7.dxc6 bxc6 8.
Bd3 Be7 9.O-O O-O 10.Re1 Bg4 11.Be2 Bf5 12.d3 Nd5 13.Nf3 Bf6 14.Nbd2 Rb8 
15.Ne4 Re8 16.c3 Nb7 17.Qc2 Nd6 18.Bf1 h6 19.h3 Bg6 20.Nh2 Be7 21.Nf3 Bf8 
22.Ng3 c5 23.Rxe5 Ne7 24.Rxc5 f6 25.Bf4 Bf7 26.Nd4 Qb6 27.b4 Rbc8 28.Qa4 
Nd5 29.Rxc8 Rxc8 30.Bxd6 Qxd6 31.Ne4 Qb6 32.Rc1 Nxc3 33.Nxc3 Qxd4 34.Nb5 
Qd7 35.Rxc8 Qxc8 36.Nxa7 Qc1 37.Nc6 Bd5 38.Nd4 Qb2 39.Nb3 Kh7 40.b5 Bd6 
41.b6 Qe5 42.g3 Qe1 43.Qd4 Qe6 44.Nc5 Qe7 45.Qxd5 Bxc5 46.b7 Bd6 47.Qe4+ 
Qxe4 48.dxe4 Kg6 49.Bc4 f5 50.exf5+ Kxf5 51.Kg2 g5 52.Kf3 Ke5 53.Kg4 Kf6 
54.a4 Bc7 55.a5 Bb8 56.a6 Ba7 57.Kh5 Kg7 58.Kg4 Kg6 59.Bd3+ Kf6 60.f4 Bb8 
61.fxg5+ hxg5 62.h4 gxh4 63.gxh4 Ba7 64.h5 Bb8 65.h6 Ba7 66.h7 Kg7 67.Bf5 
1-0

[Event "World Blitz 2015"]
[Site "Berlin GER"]
[Date "2015.10.13"]
[Round "6.42"]
[White "Bologan, V"]
[Black "Bogdanovich, S"]
[Result "1-0"]
[WhiteElo "2607"]
[BlackElo "2590"]
[EventDate "2015.10.13"]
[WhiteTitle "GM"]
[BlackTitle "IM"]
[WhiteFideId "13900048"]
[BlackFideId "14115298"]

1.e4 e5 2.Nf3 Nc6 3.Bc4 Bc5 4.O-O Nf6 5.d3 d6 6.c3 O-O 7.Bb3 a6 8.h3 Ba7 
9.Re1 Ne7 10.Nbd2 Ng6 11.Nf1 Nh5 12.d4 Nhf4 13.Ng3 Qf6 14.Be3 Rd8 15.Bc2 
Be6 16.Kh2 Re8 17.Nf5 Bxf5 18.exf5 Nh4 19.Nxh4 Qxh4 20.Qf3 c6 21.Rad1 Nd5 
22.g3 Qf6 23.dxe5 Rxe5 24.Bxa7 Rxa7 25.c4 Ne7 26.Rxe5 Qxe5 27.Qe3 Qxe3 28.
fxe3 Nc8 29.c5 d5 30.e4 Ne7 31.Bb3 Ra8 32.exd5 cxd5 33.Bxd5 Rb8 34.Bxb7 
Kf8 35.c6 Ke8 36.c7 1-0

[Event "World Blitz 2015"]
[Site "Berlin GER"]
[Date "2015.10.13"]
[Round "6.69"]
[White "Rabiega, R"]
[Black "Bindrich, F"]
[Result "0-1"]
[WhiteElo "2503"]
[BlackElo "2594"]
[EventDate "2015.10.13"]
[WhiteTitle "GM"]
[BlackTitle "GM"]
[WhiteFideId "4601475"]
[BlackFideId "4676670"]

1.e4 e5 2.Nf3 Nc6 3.Bc4 Bc5 4.c3 Nf6 5.d3 a6 6.O-O Ba7 7.Nbd2 O-O 8.h3 h6 
9.Re1 d6 10.Bb3 Be6 11.Nf1 Ne7 12.Ng3 Ng6 13.Bc2 Re8 14.d4 c5 15.d5 Bd7 
16.c4 b5 17.Bd3 Rb8 18.b3 Bb6 19.Be3 Ba5 20.Re2 Nf4 21.Bxf4 exf4 22.Nf1 
Nh7 23.Qc2 Ng5 24.N1h2 Qf6 25.Rd1 Nxf3+ 26.Nxf3 Bc3 27.Rc1 b4 28.Qd1 a5 
29.Rec2 a4 30.Nh2 Ra8 31.Rb1 axb3 32.axb3 Ra3 33.Qf3 Rea8 34.Ng4 Qg5 35.e5
h5 36.Qe4 hxg4 37.Qh7+ Kf8 38.exd6 Qh6 0-1

[Event "World Blitz 2015"]
[Site "Berlin GER"]
[Date "2015.10.13"]
[Round "6.94"]
[White "Zepeda, L"]
[Black "Kulon, K"]
[Result "0-1"]
[WhiteElo "2106"]
[BlackElo "2324"]
[EventDate "2015.10.13"]
[WhiteTitle "WIM"]
[BlackTitle "WGM"]
[WhiteFideId "6700233"]
[BlackFideId "1131044"]

1.e4 e5 2.Bc4 Nc6 3.Nf3 Nf6 4.Qe2 h6 5.c3 d6 6.Bb3 g6 7.d3 Bg7 8.Nbd2 O-O 
9.Nf1 Na5 10.Bc2 c5 11.Ng3 b5 12.O-O Nc6 13.h3 a5 14.Be3 Kh7 15.Rfd1 Qe7 
16.d4 Ba6 17.dxc5 dxc5 18.Nf1 Rfd8 19.Rxd8 Rxd8 20.a4 Rb8 21.N1d2 Nd7 22.
b3 Rb6 23.Bd3 Na7 24.axb5 Bxb5 25.Rxa5 Bxd3 26.Qxd3 Nc6 27.Ra8 Nf6 28.Qc4 
Qb7 29.Ra1 Rb5 30.Qa4 Ra5 31.Qxa5 Nxa5 32.Rxa5 Nxe4 33.Nxe4 Qxe4 34.Rxc5 
Qb1+ 35.Kh2 Qxb3 36.Nxe5 Bf8 37.Rc8 Bd6 38.Bd4 f6 39.f4 g5 40.Nd3 Qd1 41.
Nf2 Bxf4+ 42.g3 Qf3 43.gxf4 Qxf4+ 44.Kg1 h5 45.Rc6 f5 46.Rc5 g4 47.hxg4 
hxg4 48.Kf1 g3 49.Ra5 Qf3 50.Ra7+ Kg6 51.Kg1 gxf2+ 52.Bxf2 Qxc3 53.Ra6+ 
Kg5 54.Rb6 f4 55.Rb5+ Kg4 56.Rb6 Kf3 57.Ra6 Qc1+ 58.Kh2 Kxf2 59.Ra7 0-1

[Event "World Blitz 2015"]
[Site "Berlin GER"]
[Date "2015.10.13"]
[Round "7.32"]
[White "Harikrishna, P"]
[Black "Stern, R"]
[Result "1-0"]
[WhiteElo "2737"]
[BlackElo "2538"]
[EventDate "2015.10.13"]
[WhiteTitle "GM"]
[BlackTitle "GM"]
[WhiteFideId "5007003"]
[BlackFideId "4611799"]

1.e4 e5 2.Nf3 Nc6 3.Bc4 Bc5 4.d3 Nf6 5.O-O d6 6.c3 a6 7.Bb3 Ba7 8.Re1 O-O 
9.h3 Be6 10.Nbd2 Bxb3 11.Qxb3 Qd7 12.Nf1 h6 13.Ng3 Rfe8 14.Be3 Bxe3 15.
Rxe3 d5 16.Re2 dxe4 17.dxe4 Na5 18.Qc2 Rad8 19.Rd2 Qe6 20.b3 Rxd2 21.Qxd2 
Nc6 22.Rd1 Rd8 23.Qe2 Rd6 24.Nh4 Ne7 25.Qf3 g6 26.Qe2 Kg7 27.Nf3 Nc6 28.
Kh2 Qd7 29.Rxd6 Qxd6 30.a4 Na5 31.b4 Nc6 32.Qc4 Nd7 33.a5 Nf8 34.Nf1 Ne6 
35.Ne3 Ne7 36.Nd5 f6 37.Ne3 Nf4 38.g3 Nd3 39.Kg2 c5 40.b5 axb5 41.Qxb5 Nc1
42.Qxb7 Kf8 43.a6 1-0

[Event "World Blitz 2015"]
[Site "Berlin GER"]
[Date "2015.10.13"]
[Round "7.57"]
[White "Bogdanovich, S"]
[Black "Sanal, V"]
[Result "1-0"]
[WhiteElo "2590"]
[BlackElo "2501"]
[EventDate "2015.10.13"]
[WhiteTitle "IM"]
[BlackTitle "IM"]
[WhiteFideId "14115298"]
[BlackFideId "6300545"]

1.e4 e5 2.Nf3 Nc6 3.Bc4 Nf6 4.d3 Bc5 5.c3 O-O 6.O-O a6 7.Nbd2 d6 8.Bb3 h6 
9.Re1 Re8 10.Nf1 Ba7 11.Be3 Be6 12.Bxa7 Rxa7 13.Ng3 Qd7 14.Bxe6 Rxe6 15.d4
exd4 16.cxd4 Re8 17.Rc1 Raa8 18.Qb3 Rab8 19.Rcd1 Na5 20.Qc3 Nc6 21.Qb3 Na5
22.Qe3 Nc4 23.Qc1 b5 24.b3 Nb6 25.h3 Qe6 26.Qf4 Nh7 27.Nf5 Qg6 28.Rc1 Rbc8
29.Rc6 a5 30.Nxd6 cxd6 31.Rxb6 Rc2 32.Rxd6 Qh5 33.Rd5 Qg6 34.Rxb5 Rxa2 35.
Ne5 Qe6 36.Rb6 Qe7 37.Rc1 Ng5 38.Rbc6 Ne6 39.Qe3 Qb4 40.Rc8 Rxc8 41.Rxc8+ 
Kh7 42.d5 Qd6 43.Rh8+ 1-0

[Event "World Blitz 2015"]
[Site "Berlin GER"]
[Date "2015.10.13"]
[Round "8.31"]
[White "Munoz Pantoja, M"]
[Black "Alekseev, Evgeny"]
[Result "0-1"]
[WhiteElo "2441"]
[BlackElo "2642"]
[EventDate "2015.10.13"]
[WhiteTitle "GM"]
[BlackTitle "GM"]
[WhiteFideId "3800229"]
[BlackFideId "4138147"]

1.e4 e5 2.Nf3 Nc6 3.Bc4 Bc5 4.b4 Bxb4 5.c3 Be7 6.d4 Na5 7.Nxe5 Nxc4 8.Nxc4
d5 9.exd5 Qxd5 10.Ne3 Qd8 11.O-O Nf6 12.c4 O-O 13.Bb2 Re8 14.Nd2 Bf8 15.
Qf3 Nd7 16.Rfe1 Nb6 17.a4 c6 18.a5 Nd7 19.Bc3 Qf6 20.Ng4 Qxf3 21.Nxf3 Rd8 
22.h3 Nb8 23.Ne3 Na6 24.d5 cxd5 25.Nxd5 Be6 26.Ne3 Rac8 27.Bd4 Bc5 28.Bxc5
Rxc5 29.Red1 0-1

[Event "World Blitz 2015"]
[Site "Berlin GER"]
[Date "2015.10.13"]
[Round "8.46"]
[White "Heimann, An"]
[Black "Ponkratov, P"]
[Result "0-1"]
[WhiteElo "2546"]
[BlackElo "2604"]
[EventDate "2015.10.13"]
[WhiteTitle "IM"]
[BlackTitle "GM"]
[WhiteFideId "24624632"]
[BlackFideId "4157800"]

1.e4 e5 2.Nf3 Nc6 3.Bc4 Nf6 4.Ng5 d5 5.exd5 Na5 6.Bb5+ c6 7.dxc6 bxc6 8.
Bd3 Ng4 9.Ne4 f5 10.Be2 Nh6 11.Ng3 Nf7 12.c3 g6 13.d4 e4 14.O-O h5 15.f3 
h4 16.Nh1 Bd6 17.fxe4 fxe4 18.Bf4 Bf5 19.Nd2 Bxf4 20.Rxf4 Qg5 21.Rxe4+ 
Bxe4 22.Nxe4 Qe3+ 23.Nhf2 O-O 24.Kh1 Ng5 25.Qc1 Qxc1+ 26.Rxc1 Rae8 27.Bd3 
Nb7 28.Kg1 Nxe4 29.Nxe4 Kg7 30.h3 Nd8 31.Ng5 Re3 32.Rd1 Kh6 33.Nf3 g5 34.
Ne5 Kg7 35.Rf1 Nf7 36.Rf3 Re1+ 37.Kf2 Nxe5 38.dxe5 Rxe5 39.Rxf8 Kxf8 40.
Kf3 Ke7 41.b4 Kf6 42.Be4 c5 43.Ke3 cxb4 44.cxb4 Rb5 45.a3 Ke5 46.Kd3 Rb6 
47.Bf3 Ra6 48.Kc4 Rxa3 49.Kc5 Rc3+ 50.Kb5 Kd6 51.Ka6 Ra3+ 52.Kb5 a6+ 53.
Kc4 a5 54.bxa5 Rxa5 55.Kd4 Re5 56.Be4 0-1

[Event "World Blitz 2015"]
[Site "Berlin GER"]
[Date "2015.10.13"]
[Round "8.79"]
[White "Schmaltz, R"]
[Black "Van Foreest, Jorden"]
[Result "1-0"]
[WhiteElo "2504"]
[BlackElo "2548"]
[EventDate "2015.10.13"]
[WhiteTitle "GM"]
[BlackTitle "IM"]
[WhiteFideId "4614054"]
[BlackFideId "1039784"]

1.e4 e5 2.Nf3 Nc6 3.Bc4 Bc5 4.d3 Nf6 5.Bb3 O-O 6.h3 Nd4 7.Nxd4 Bxd4 8.c3 
Bb6 9.Bg5 h6 10.Bh4 d6 11.Nd2 Be6 12.Qf3 g5 13.Bg3 c6 14.Nf1 Nd7 15.Ne3 
Bxb3 16.axb3 Bxe3 17.Qxe3 a5 18.h4 Qf6 19.hxg5 hxg5 20.Rh5 Rfc8 21.Rxg5+ 
Kf8 22.Bh4 Qe6 23.Qg3 Ke8 24.Rf5 Nf8 25.Qg5 Rc7 26.Rxa5 Rac8 27.Rfxe5 dxe5
28.Rxe5 Qxe5 29.Qxe5+ Ne6 30.f4 Kd7 31.f5 Rg8 32.Bg3 Rcc8 33.fxe6+ fxe6 
34.Qd6+ 1-0

[Event "World Blitz 2015"]
[Site "Berlin GER"]
[Date "2015.10.13"]
[Round "9.26"]
[White "Volokitin, And"]
[Black "Bruzon Batista, L"]
[Result "0-1"]
[WhiteElo "2639"]
[BlackElo "2659"]
[EventDate "2015.10.13"]
[WhiteTitle "GM"]
[BlackTitle "GM"]
[WhiteFideId "14107090"]
[BlackFideId "3503739"]

1.e4 e5 2.Nf3 Nc6 3.Bc4 Bc5 4.c3 Nf6 5.d3 a6 6.Nbd2 d6 7.O-O O-O 8.Bb3 Re8
9.Re1 Be6 10.h3 Bxb3 11.Nxb3 h6 12.Nxc5 dxc5 13.Nh4 c4 14.Re3 Qd7 15.Qf3 
Rad8 16.Nf5 cxd3 17.Nxh6+ Kf8 18.Bd2 Qe6 19.Nf5 g6 20.Nh4 Kg8 21.Rd1 Rd6 
22.Rxd3 Rxd3 23.Qxd3 Qxa2 24.Qf3 Qe6 25.Bg5 Nh7 26.Bh6 Rd8 27.Rxd8+ Nxd8 
28.Qd3 Nc6 29.Nf3 Nf6 30.Ng5 Qd7 31.Qc4 Ne8 32.Kh2 a5 33.Nf3 Nd6 34.Qd5 
Kh7 35.Be3 f6 36.c4 Ne7 37.Qd3 Qc6 38.c5 Nxe4 39.Qd8 Nf5 40.Qf8 Qd7 41.Bc1
b6 42.g4 Ng7 43.Be3 bxc5 44.g5 Qe8 45.Qxe8 0-1

[Event "World Blitz 2015"]
[Site "Berlin GER"]
[Date "2015.10.13"]
[Round "9.62"]
[White "Kryvoruchko, Y"]
[Black "Sanal, V"]
[Result "1-0"]
[WhiteElo "2710"]
[BlackElo "2501"]
[EventDate "2015.10.13"]
[WhiteTitle "GM"]
[BlackTitle "IM"]
[WhiteFideId "14109182"]
[BlackFideId "6300545"]

1.e4 e5 2.Nf3 Nc6 3.Bc4 Nf6 4.d3 Bc5 5.c3 O-O 6.O-O d6 7.Nbd2 a6 8.Bb3 Re8
9.h3 Be6 10.Re1 Qd7 11.Nf1 d5 12.Ng5 Rad8 13.Nxe6 Qxe6 14.Qf3 Na5 15.Bc2 
dxe4 16.dxe4 Nc4 17.Bb3 b5 18.Ng3 g6 19.Bg5 Kg7 20.Rad1 Qb6 21.Qe2 h6 22.
Bc1 Na5 23.Bc2 Nc4 24.b4 Bf8 25.Bb3 Qc6 26.h4 h5 27.Bg5 Kg8 28.Nf1 Be7 29.
Ne3 Rxd1 30.Rxd1 Nxe3 31.Qxe3 Qxe4 32.Qxe4 Nxe4 33.Rd7 Nxg5 34.hxg5 c6 35.
Kf1 Kf8 36.Ke2 c5 37.bxc5 Rc8 38.Rd5 Bxg5 39.Rxe5 Be7 40.c4 b4 41.c6 Rxc6 
42.Rd5 Re6+ 43.Kd3 Rf6 44.f3 Rc6 45.Rd7 Bc5 46.Ba4 Re6 47.Rc7 Re3+ 48.Kd2 
Ra3 49.Bb3 Ra5 50.Kd3 Kg7 51.Ke4 Kf6 52.Rc6+ Kg5 53.Kd5 Be3+ 54.c5 h4 55.
Kc4 f5 56.Rc8 Kf4 57.Kxb4 Bd2+ 58.Kc4 Rb5 59.c6 Rb4+ 60.Kc5 a5 61.Re8 a4 
62.Bc4 Rb2 63.c7 Bb4+ 64.Kc6 Rc2 65.Kb5 1-0

[Event "World Blitz 2015"]
[Site "Berlin GER"]
[Date "2015.10.13"]
[Round "10.31"]
[White "Volokitin, And"]
[Black "Ponomariov, R"]
[Result "1/2-1/2"]
[WhiteElo "2639"]
[BlackElo "2710"]
[EventDate "2015.10.13"]
[WhiteTitle "GM"]
[BlackTitle "GM"]
[WhiteFideId "14107090"]
[BlackFideId "14103320"]

1.e4 e5 2.Nf3 Nc6 3.Bc4 Nf6 4.d3 Be7 5.O-O O-O 6.Bb3 d6 7.c3 Na5 8.Bc2 c5 
9.d4 cxd4 10.cxd4 Nc6 11.d5 Nb4 12.Bb3 Bd7 13.Nc3 a5 14.Nxe5 dxe5 15.d6 
Bg4 16.dxe7 Qxe7 17.f3 Be6 18.Bxe6 Qxe6 19.Qe2 h6 20.Be3 Rfd8 21.Rfd1 
Rxd1+ 22.Qxd1 Qc4 23.Qf1 Nd3 24.Qe2 Rc8 25.Nd1 b5 26.Nf2 Nf4 27.Qxc4 Rxc4 
28.Bxf4 exf4 29.Nd3 Rc2 30.b4 Rd2 31.Nxf4 axb4 32.Rb1 g5 33.Nd5 Nxd5 34.
exd5 Rxd5 35.Rxb4 Kg7 36.a4 1/2-1/2

[Event "World Blitz 2015"]
[Site "Berlin GER"]
[Date "2015.10.13"]
[Round "10.65"]
[White "Bologan, V"]
[Black "Krnan, T"]
[Result "1-0"]
[WhiteElo "2607"]
[BlackElo "2440"]
[EventDate "2015.10.13"]
[WhiteTitle "GM"]
[BlackTitle "IM"]
[WhiteFideId "13900048"]
[BlackFideId "14905361"]

1.e4 e5 2.Nf3 Nc6 3.Bc4 Bc5 4.O-O Nf6 5.d3 O-O 6.h3 a6 7.Bb3 d6 8.c3 Ba7 
9.Re1 h6 10.Nbd2 Be6 11.Nf1 Qd7 12.Bc2 Rfe8 13.Ng3 d5 14.exd5 Bxd5 15.Bd2 
Rad8 16.b4 Qc8 17.a4 b5 18.Qe2 Qb7 19.Nh4 Re6 20.Nhf5 Ne7 21.Ne3 Ng6 22.
Nxd5 Nxd5 23.Qe4 Qb6 24.Be3 Nxe3 25.fxe3 c5 26.axb5 axb5 27.Bb3 Red6 28.
bxc5 Qxc5 29.d4 exd4 30.cxd4 Qc7 31.Rf1 Rf8 32.Nf5 Rb6 33.h4 Qc6 34.Qxc6 
Rxc6 35.Rxa7 Rc3 36.Bd5 b4 37.h5 Nh8 38.Nd6 Rxe3 39.Nxf7 Nxf7 40.Bxf7+ Kh8
41.Bg6 Rd8 42.Rb7 b3 43.Rb1 Re2 44.R1xb3 Rd2 45.Rb8 Rxd4 46.Rxd8+ Rxd8 47.
Re3 1-0

[Event "World Blitz 2015"]
[Site "Berlin GER"]
[Date "2015.10.13"]
[Round "10.86"]
[White "Bruedigam, M"]
[Black "Przybylski, W"]
[Result "1-0"]
[WhiteElo "2375"]
[BlackElo "2354"]
[EventDate "2015.10.13"]
[WhiteTitle "FM"]
[BlackTitle "FM"]
[WhiteFideId "24608033"]
[BlackFideId "1117599"]

1.e4 e5 2.Nf3 Nc6 3.Bc4 Nf6 4.Ng5 d5 5.exd5 Na5 6.Bb5+ c6 7.dxc6 bxc6 8.
Bd3 Bc5 9.Nc3 Bb6 10.O-O h6 11.Nf3 Bc7 12.Re1 O-O 13.Bf1 Re8 14.d3 Nd5 15.
Bd2 Nb7 16.Ne4 f5 17.Ng3 Bd7 18.c4 Nf4 19.Bc3 Ng6 20.b4 Qf6 21.Qc2 Re7 22.
a4 Kh8 23.a5 Rf8 24.Qb2 Qf7 25.Nxe5 Nxe5 26.Bxe5 Rfe8 27.f4 Rc8 28.Bxg7+ 
Kg8 29.Be5 Be6 30.Re3 Rce8 31.Rae1 Kh7 32.d4 Bd8 33.Qc2 Qg6 34.Bd3 Rf8 35.
d5 cxd5 36.cxd5 Bd7 37.a6 Nd6 38.Bxd6 Rxe3 39.Rxe3 Qxd6 40.Nxf5 Bxf5 41.
Bxf5+ Kh8 42.Qc3+ Bf6 43.Qd3 Qxf4 44.g3 Qxb4 45.Kg2 Qb2+ 46.Re2 Qb4 47.Qf3
Qd6 48.Be6 Bg7 49.Qh5 Qc5 50.Qg4 Qd6 51.Qe4 Qc5 52.Qe3 Qc4 53.Rf2 Rxf2+ 
54.Qxf2 Qe4+ 55.Qf3 Qc2+ 56.Kh3 Qc7 57.Qf4 Qd8 58.d6 Bf8 59.Qe5+ Bg7 60.
Qf4 Bf8 1-0

[Event "World Blitz 2015"]
[Site "Berlin GER"]
[Date "2015.10.14"]
[Round "12.23"]
[White "Zhang Zhong"]
[Black "Morozevich, A"]
[Result "1-0"]
[WhiteElo "2619"]
[BlackElo "2711"]
[EventDate "2015.10.13"]
[WhiteTitle "GM"]
[BlackTitle "GM"]
[WhiteFideId "8600694"]
[BlackFideId "4116992"]

1.e4 e5 2.Nf3 Nc6 3.Bc4 Nf6 4.d3 Bc5 5.c3 Bb6 6.Bb3 h6 7.O-O O-O 8.Nbd2 d6
9.h3 Ne7 10.Re1 c6 11.Nf1 Ng6 12.Ng3 Re8 13.d4 Be6 14.Bc2 Qc7 15.Be3 Rad8 
16.Qc1 Kh7 17.a4 c5 18.d5 Bd7 19.Nd2 c4 20.Qd1 Bxe3 21.fxe3 a6 22.Rf1 Rc8 
23.Rxf6 gxf6 24.Nh5 Qd8 25.Qf3 Rf8 26.Nxf6+ Kg7 27.Rf1 b5 28.a5 Rc7 29.Rf2
Bc8 30.Nf1 Rh8 31.Ng3 Kf8 32.Ngh5 Re7 33.Qg3 Rb7 34.Bd1 Qe7 35.Bg4 Bxg4 
36.Qxg4 Rc7 37.Rf5 b4 38.cxb4 c3 39.bxc3 Rxc3 40.Kh2 Rc4 41.Nh7+ Ke8 42.
N7f6+ Kd8 43.Qe2 Qc7 44.Ng4 Rf8 45.Nxh6 Kc8 46.Qf1 Kb8 47.Nxf7 Rxb4 48.Ng7
Nh4 49.Rf2 Qc5 50.Ne6 Qxe3 51.Nxf8 Rb3 52.Nxd6 Qg3+ 53.Kh1 Nxg2 54.Rxg2 
Qxh3+ 55.Kg1 Qe3+ 56.Rf2 Qg3+ 57.Qg2 Rb1+ 58.Rf1 Qe3+ 59.Kh2 Qh6+ 60.Kg1 
Qe3+ 61.Qf2 Qg5+ 62.Kh2 Qh5+ 63.Kg2 Qg4+ 64.Kh1 Qh3+ 65.Kg1 Rb3 66.Nf5 
Qg4+ 67.Qg2 1-0

[Event "World Blitz 2015"]
[Site "Berlin GER"]
[Date "2015.10.14"]
[Round "12.61"]
[White "Godena, M"]
[Black "Grandelius, N"]
[Result "0-1"]
[WhiteElo "2513"]
[BlackElo "2647"]
[EventDate "2015.10.13"]
[WhiteTitle "GM"]
[BlackTitle "GM"]
[WhiteFideId "800090"]
[BlackFideId "1710400"]

1.e4 e5 2.Nf3 Nc6 3.Bc4 g6 4.c3 Bg7 5.d4 d6 6.Bg5 f6 7.Be3 Nh6 8.h3 Nf7 9.
Nbd2 O-O 10.O-O Kh8 11.b4 f5 12.exf5 gxf5 13.Bxf7 Rxf7 14.Ng5 Rf6 15.Qh5 
Qg8 16.b5 Ne7 17.dxe5 dxe5 18.f4 Rg6 19.Ndf3 Be6 20.fxe5 Nd5 21.Rae1 Nxe3 
22.Rxe3 Rh6 23.Qxh6 Bxh6 24.h4 Bd5 25.e6 Bxf3 26.Nf7+ Qxf7 27.exf7 Bxe3+ 
28.Kh2 Be4 0-1

[Event "World Blitz 2015"]
[Site "Berlin GER"]
[Date "2015.10.14"]
[Round "12.74"]
[White "Heimann, An"]
[Black "Van Foreest, Jorden"]
[Result "1-0"]
[WhiteElo "2546"]
[BlackElo "2548"]
[EventDate "2015.10.13"]
[WhiteTitle "IM"]
[BlackTitle "IM"]
[WhiteFideId "24624632"]
[BlackFideId "1039784"]

1.e4 e5 2.Nf3 Nc6 3.Bc4 Nf6 4.Ng5 d5 5.exd5 Na5 6.Bb5+ c6 7.dxc6 bxc6 8.
Bd3 Be7 9.O-O Nd5 10.Nf3 Bg4 11.h3 Bh5 12.Be2 Nf4 13.d3 Nxe2+ 14.Qxe2 O-O 
15.Nbd2 f6 16.Ne4 c5 17.Ng3 Bg6 18.Nh4 Bf7 19.Nhf5 Nc6 20.Be3 Nd4 21.Bxd4 
cxd4 22.Nxe7+ Qxe7 23.Nf5 Qd7 24.Ng3 Rab8 25.c4 dxc3 26.bxc3 Rfd8 27.Rfd1 
Qc6 28.Rac1 Rd7 29.d4 Bc4 30.Qg4 Be6 31.Qe2 Bd5 32.dxe5 Re7 33.Nf5 Rf7 34.
exf6 Bc4 35.Ne7+ Kh8 36.Nxc6 Bxe2 37.Nxb8 Bxd1 38.Rxd1 gxf6 39.Rd8+ Kg7 
40.Rd7 1-0

[Event "World Blitz 2015"]
[Site "Berlin GER"]
[Date "2015.10.14"]
[Round "13.61"]
[White "Bok, B"]
[Black "Heimann, An"]
[Result "1/2-1/2"]
[WhiteElo "2591"]
[BlackElo "2546"]
[EventDate "2015.10.13"]
[WhiteTitle "GM"]
[BlackTitle "IM"]
[WhiteFideId "1017063"]
[BlackFideId "24624632"]

1.e4 e5 2.Nf3 Nc6 3.Bc4 Nf6 4.d3 Bc5 5.O-O O-O 6.Nbd2 d6 7.c3 h6 8.Re1 Re8
9.Nf1 a6 10.Bb3 Ba7 11.Ng3 Be6 12.Bc2 Qd7 13.Bd2 Rad8 14.Qe2 d5 15.exd5 
Qxd5 16.h3 Qd7 17.Be3 Bxe3 18.fxe3 Qd6 19.Qf2 Bd5 20.d4 exd4 21.exd4 Rxe1+
22.Rxe1 Re8 23.Rxe8+ Nxe8 24.Nf5 Qf6 25.Nd2 Be6 26.g4 Kf8 27.Ne4 Qd8 28.
Ne3 Ne7 29.a3 Nd5 30.Nc5 Qc8 31.Bb3 c6 32.Nxd5 cxd5 33.Bc2 Nf6 34.Qf4 Kg8 
35.Kf2 b6 36.Nxe6 fxe6 37.Qe3 Qd7 38.Qe5 Qf7 39.Kg2 Qe7 40.Bg6 Kh8 41.Qb8+
Ng8 42.Qxb6 Qf6 43.Bd3 Qf4 44.Qxa6 Qd2+ 45.Be2 Qxb2 46.Qd3 Qxa3 47.Qe3 Qa2
48.Qxe6 Qd2 49.Kf1 Qc1+ 50.Kf2 Qxc3 51.Qxd5 Qxh3 52.Bc4 Qh2+ 53.Ke3 Qg3+ 
54.Kd2 Qf2+ 55.Kc3 Qe1+ 56.Kc2 Qf2+ 57.Kb3 Qf8 58.Qxg8+ Qxg8 59.Bxg8 Kxg8 
60.Kc4 Kf8 61.Kd5 Ke7 62.Ke5 g6 63.d5 h5 64.gxh5 gxh5 65.Kf5 Kd6 66.Kg5 
Kxd5 67.Kxh5 1/2-1/2

[Event "World Blitz 2015"]
[Site "Berlin GER"]
[Date "2015.10.14"]
[Round "14.56"]
[White "Heimann, An"]
[Black "Romanov, E"]
[Result "0-1"]
[WhiteElo "2546"]
[BlackElo "2573"]
[EventDate "2015.10.13"]
[WhiteTitle "IM"]
[BlackTitle "GM"]
[WhiteFideId "24624632"]
[BlackFideId "4148843"]

1.e4 e5 2.Nf3 Nc6 3.Bc4 Bc5 4.b4 Bxb4 5.c3 Be7 6.d4 Na5 7.Bd3 d6 8.dxe5 
dxe5 9.Nxe5 Nf6 10.O-O O-O 11.Nd2 c5 12.Qe2 Qc7 13.Ndc4 Nxc4 14.Nxc4 b5 
15.Ne3 c4 16.Bc2 Bd6 17.h3 Re8 18.Qf3 Bh2+ 19.Kh1 Be5 20.Nd5 Nxd5 21.exd5 
Bb7 22.Ba3 Rad8 23.Rad1 g6 24.Rfe1 a5 25.Re3 Bd6 26.Rxe8+ Rxe8 27.Bc1 Qe7 
28.Be3 Qe5 29.g3 Qxc3 30.Bb1 b4 31.Kh2 b3 32.axb3 cxb3 33.Qg4 Qe5 34.Qa4 
b2 35.Bf4 Qe2 36.Rd2 Qe1 37.Bxd6 Bxd5 38.Qd1 Bf3 39.Qxf3 Qxd2 40.Ba2 Rf8 
41.Bxf8 Qd7 42.Ba3 Qf5 43.Qxf5 0-1

[Event "World Blitz 2015"]
[Site "Berlin GER"]
[Date "2015.10.14"]
[Round "14.57"]
[White "Schmaltz, R"]
[Black "Bok, B"]
[Result "0-1"]
[WhiteElo "2504"]
[BlackElo "2591"]
[EventDate "2015.10.13"]
[WhiteTitle "GM"]
[BlackTitle "GM"]
[WhiteFideId "4614054"]
[BlackFideId "1017063"]

1.e4 e5 2.Nf3 Nc6 3.Bc4 Bc5 4.d3 Nf6 5.Bb3 O-O 6.h3 d5 7.exd5 Nxd5 8.O-O 
Bf5 9.Re1 Re8 10.Nbd2 Qd7 11.Ne4 Bb6 12.a3 Nd4 13.Nxd4 exd4 14.Qf3 c6 15.
Bg5 Bg6 16.h4 Re5 17.Re2 Rae8 18.Rae1 Bc7 19.h5 Bxe4 20.dxe4 Rxg5 21.exd5 
Rxe2 22.Qxe2 Re5 23.Qd1 cxd5 24.Rxe5 Bxe5 25.Qf3 Qd6 26.Bxd5 Qf6 27.Bxb7 
Qxf3 28.Bxf3 d3 29.c4 Bxb2 30.a4 Bd4 31.Kf1 f5 32.g4 g6 33.hxg6 hxg6 34.
gxf5 gxf5 35.Ke1 Bc3+ 36.Kd1 Kf7 37.Bg2 Ke6 38.Bf1 d2 39.Bd3 Ke5 40.Ke2 f4
41.f3 Kd4 42.c5 d1=Q+ 0-1